| 000 | 01516nam a22003857a 4500 | ||
|---|---|---|---|
| 001 | BRCA_9263 | ||
| 003 | FranzMayer | ||
| 005 | 20230717132410.0 | ||
| 008 | 230714b |||||||| |||| 00| 0 eng d | ||
| 020 | _aEn trámte | ||
| 040 |
_aMFM _besp _cMFM |
||
| 041 | _aesp | ||
| 050 | 0 |
_aPQ601 _bC53 2019 |
|
| 110 | 1 |
_4Editorial _aUniversidad del Claustro de Sor Juana _bEstudios de Cultura Virreinal _928814 |
|
| 240 | 1 |
_aProlija Memoria Mayo 2019 _lesp |
|
| 245 | 0 | _aProlija Memoria Mayo 2019 | |
| 260 |
_aCDMX, México _bUniversidad del Claustro de Sor Juana _c2019 |
||
| 300 |
_a138 p _bIlustraciones _c23.5 cm |
||
| 500 | _aL60/N5 | ||
| 505 | 0 | _aDestinado a: Historiadores, investigadores, sociólogos, filólogos, literatosTexto en: españolIncluye índice (temático) | |
| 610 | 1 |
_2Editorial Col. _aUNAM _bFacultad de filosofía y letras _928815 |
|
| 650 | 1 |
_2Literatura _aLiteratura española _vVirreinal _928816 |
|
| 651 |
_2Nueva España _aVirreinal _vLiteratura _xEnsayos _928817 |
||
| 700 | 1 |
_4Dir. _aBravo Arriaga, Maria Dolores _928818 |
|
| 700 | 1 |
_4Col. _aCostilla Martínez, Héctor _928819 |
|
| 700 | 1 |
_4Col. _aBravo López, Ulises _928820 |
|
| 700 | 1 |
_4Col. _aKopylov, Ivan _928821 |
|
| 700 | 1 |
_4Col. _aCamacho Quiroz, Rosa María _928822 |
|
| 700 | 1 |
_4Col. _aChávez A., Ezequiel _928823 |
|
| 700 | 1 |
_4Col. _aRincón, Sergio _928824 |
|
| 700 | 1 |
_4Col. _aValenzuela, Jorge _928825 |
|
| 700 | 1 |
_4Col. _aAnn Ailstrock, Barbara _928826 |
|
| 700 | 1 |
_4Col. _ade Lira Luna, Daniel _928827 |
|
| 942 |
_2lcc _cH |
||
| 999 |
_c10882 _d10882 |
||